000 01894nam a22004937a 4500
001 000096706
003 CHAP
005 20240201062652.0
008 070111d2006 mx r 00110 spa d
010 _a93172
011 _a94144
035 _a104728
040 _cCHAP
090 _aTesis
100 1 _aDomínguez Zetina, Manuel.
_933920
245 1 0 _aEfecto de la suplementación con metionina sobre pasante y Saccharomyces cerevisiae en la producción y composición de la leche, metabolitos sanguíneos y condición corporal en vacas Holstein de primer parto /
_c/por Manuel Domínguez Zetina y Luis Pacheco Pérez.
260 _aChapingo, Méx. :
_bEl autor,
_c2006.
300 _a93 h. :
_banexos.
502 _aTesis (Ing. Agr. Esp. en Zootecnia) - - UACH. Departamento de Zootecnia
590 _aALEPH
_b10
_c20130110
_lUCH01
_h1515
590 _aBATCH-UPD
_b10
_c20130110
_lUCH01
_h0727
590 _aBATCH-UPD
_b10
_c20130410
_lUCH01
_h0410
590 _aBATCH-UPD
_b10
_c20130914
_lUCH01
_h1219
590 _aBATCH-UPD
_b10
_c20140324
_lUCH01
_h1500
590 _aBATCH-UPD
_b10
_c20141002
_lUCH01
_h0832
590 _aCONVERSION
_b10
_c20130109
_lUCH01
_h1352
590 _aE792CSJ
_b10
_c20130531
_lUCH01
_h1031
650 0 4 _aGanado lechero.
_945237
650 0 4 _aGanado lechero.
_945237
650 1 4 _aGanado Holstein.
_945133
650 1 4 _aLeche
_xComposición.
_965363
650 1 4 _aLeche
_xProducción.
_965400
650 1 4 _aMetabolismo en rumiantes.
_975155
650 1 4 _aMetionina.
_975235
650 1 7 _aSaccharomyces cerevisiae
_2
_9101125
700 1 _aPacheco Pérez, Luis.
_984578
856 _3Finding aid
_uhttp://10.13.5.2/tesis/104728.pdf
_zTeclea aquí
901 _aBK
905 _aLilia
942 _cCD
942 _n0
949 _aTesis
_bBC
_cTES
_d33724002011876
_eTS2
_fc.2
_h46165
_i104728
_sb
949 _aTesis
_bBC
_cTES
_d33724002011918
_eTS1
_h46164
_i104728
_sb
999 _c93172
_d93172